Reflections on Malaysian Economic Policies

Bibliographic Details
Main Author: Sulaiman Mahbob (Author)
Format: Book
Language:Malay
Published: Kuala Lumpur : Penerbit Universiti Malaya 2015
Subjects:

MARC

LEADER 00000cam a2200000 7i4500
001 0000028812
005 20241125.0
008 200311 my may
020 |a 9789831008157 
040 |a INS   |b eng   |e rda 
090 0 0 |a HC445.5   |b S844 2015 
100 0 |a Sulaiman Mahbob ,   |e author 
245 0 0 |a Reflections on Malaysian Economic Policies   |c SULAIMAN MAHBOB 
264 1 |a Kuala Lumpur :   |b Penerbit Universiti Malaya   |c 2015 
264 4 |c ©2015 
300 |a xi, 276 pages ;   |c 23 cm. 
336 |a text  |2 rdacontent 
337 |a unmediated  |2 rdamedia 
338 |a volume  |2 rdacarrier 
500 |a Includes index 
650 0 |a Economic development   |z Malaysia 
650 0 |a Economic policy   |z Malaysia 
999 |a 1000003898   |b BOOK   |c Open Shelf   |e Default branch